00625cam6a220021700 4500001001200000008004100012035001900053035001800072100002700090245005400117260001000171949004600181004000600227591002400233591004200257591001700299591003500316591002800351909000900379999001900388zam00003585951128s1973 xx eng u a(Sirsi) r20910 a(MACHINE)SLC. aWebor, G. T.6A82459.110aBacterial & fungal diseases of plants in Tropics. c1973. aSB605.T7wlccmMAINp2500tBOOKlON-SHELF20910 aClass code: BS 935. aCourse: Mycology and plant pathology. aSchool: S09. aLecturer: Prof. KAPOORIA, R.G. aNumber of Students: 29. aBook c172659d172659